01530mam a2200361 a 4500001000800000005001700008008004100025020001500066035002300081035001700104040002800121041001100149082001600160110004600176245015400222246001500376250001100391260009000402300004400492500022100536500002700757504005400784546004100838600004800879650003800927650003400965653002700999653002901026700001901055700002201074710004901096740002301145336500820220326193302.0010328s2000 sp a bc 000 0 spa d a8480269685 a(OCoLC)ocm46658405 a(NNC)3365008 aPL#cPL#dOCLdCLUdNNC0 aspapor a708bM986fr aMuseo Nacional Centro de Arte Reina Sofia00aF[r]icciones :bMuseo Nacional Centro de Arte Reina Sofía, 12/XII/00-26/III/01 /c[catálogo concepto y edición, Ivo Mesquita, Adriano Pedrosa].3 aFricciones a1. ed. a[Madrid] :bMuseo Nacional Centro de Arte Reina Sofía :bVersiones del Sur,c[2000] a255 p. :bill. (chiefly col.) ;c28 cm. aBetween December 12, 2000 and March 26, 2001, the Museo Nacional Centro de Arte Reina Sofía in Madrid presented 5 exhibitions on diverse aspects of the arts of Latin America collectively called "Versiones del Sur". aSome ill. are mounted. aIncludes bibliographical references (p. 252-253). aSpanish with some text in Portuguese10aBorges, Jorge Luis,d1899-1986.tFicciones. 0aArt, Latin AmericanvExhibitions. 0aArt and historyvExhibitions. aPinturaaExposiciones. aEsculturaaExposiciones.1 aMesquita, Ivo.1 aPedrosa, Adriano.2 aMuseo Nacional Centro de Arte Reina Sofía.0 aVersiones del Sur.